Zenyatta Mondatta (Record n. 100862)
[ formato base ]
| 000 -LEADER | |
|---|---|
| fixed length control field | 01286njm a2200301Ia 4500 |
| 001 - CONTROL NUMBER | |
| control field | 25913 |
| 003 - CONTROL NUMBER IDENTIFIER | |
| control field | IT-RoPAU |
| 005 - DATE AND TIME OF LATEST TRANSACTION | |
| control field | 20220918181135.0 |
| 008 - FIXED-LENGTH DATA ELEMENTS--GENERAL INFORMATION | |
| fixed length control field | 131025s9999 xx 000 0 und d |
| 040 ## - CATALOGING SOURCE | |
| Original cataloging agency | IT-RoPAU |
| 040 ## - CATALOGING SOURCE | |
| Transcribing agency | IT-RoPAU |
| 041 ## - LANGUAGE CODE | |
| Language code of text/sound track or separate title | INGLESE |
| 999 ## - SYSTEM CONTROL NUMBERS (KOHA) | |
| Koha Dewey Subclass [OBSOLETE] | NO |
| 100 ## - MAIN ENTRY--PERSONAL NAME | |
| Personal name | Police (The) |
| 9 (RLIN) | 4586 |
| 100 ## - MAIN ENTRY--PERSONAL NAME | |
| Relator term | Autore musica |
| 9 (RLIN) | 14873 |
| 100 ## - MAIN ENTRY--PERSONAL NAME | |
| Miscellaneous information | Codice autore musica SPICS: 2452 |
| 9 (RLIN) | 4588 |
| 245 ## - TITLE STATEMENT | |
| Title | Zenyatta Mondatta |
| 250 ## - EDITION STATEMENT | |
| Edition statement | 1a ed. |
| 260 ## - PUBLICATION, DISTRIBUTION, ETC. (IMPRINT) | |
| Place of publication, distribution, etc. | ROMA |
| 260 ## - PUBLICATION, DISTRIBUTION, ETC. (IMPRINT) | |
| Name of publisher, distributor, etc. | SPICS RECORDS |
| Date of publication, distribution, etc. | 1984 [1a Ed.:1984 - Ed. Lingua Orig.: 1984] |
| 300 ## - PHYSICAL DESCRIPTION | |
| Extent | MUSICASSETTA |
| 300 ## - PHYSICAL DESCRIPTION | |
| Dimensions | 90 minuti (Testo: pag.) |
| 500 ## - GENERAL NOTE | |
| General note | Musica pop |
| 505 ## - FORMATTED CONTENTS NOTE | |
| Formatted contents note | Don't Stand So Close To Me - Driven To Tears - When the World Is Running Down, You Make the Best - Of What Still Around - Canary In A Coalmine - Voices Inside My Head - Bombs Away - Dedo Do Do De Da Da Da - Behind My Camel - Man In A Suitcase - Shadows In the Rain - The Other Way of Stopping - Christopher Cross - Poor Shirley - Say You'll Be Mine - Ride Pike the Hight Is On - I Really Don't Know Anymore - Minstrel Gigob - Pinning - Never Be the Same |
| 650 ## - SUBJECT ADDED ENTRY--TOPICAL TERM | |
| Topical term or geographic name as entry element | POP [CASSETTE] |
| Relator term | Codice MATERIA SPICS: 9951 |
| 9 (RLIN) | 1073 |
| 700 ## - ADDED ENTRY--PERSONAL NAME | |
| Personal name | Police (The) |
| Miscellaneous information | Codice interprete SPICS: 2452 |
| Relator term | Interprete |
| 9 (RLIN) | 14874 |
| 942 ## - ADDED ENTRY ELEMENTS (KOHA) | |
| Koha item type | MUSICASSETTE |
| Source of classification or shelving scheme | Dewey Decimal Classification |
| Withdrawn status | Lost status | Damaged status | Not for loan | Home library | Current library | Date acquired | Total Checkouts | Full call number | Date last seen | Price effective from | Koha item type | Public note |
|---|---|---|---|---|---|---|---|---|---|---|---|---|
| Buone Condizioni | Not For Loan | SPICS-MEDIATECA | SPICS-MEDIATECA | 25/10/2013 | 25913 | 25/10/2013 | 25/10/2013 | MUSICASSETTE | Progr. Ins.: 5786 / N.Vol.: 1 / Copie: 1 - Copia rara: NO / date import: 01.01.2014 - By Epidotti, Trombetti, Vaglietti |